Coupe du Monde Rugby: Japon - Statistiques

Statistiques générales
  • Ce quiz a été pris 61 fois
    49 depuis la dernière actualisation
  • Le résultat moyen est 15 sur 17
Statistiques - réponses
Réponse % Correct
Australie
100%
Ecosse
100%
France
100%
Irlande
100%
Nouvelle-Zélande
100%
Afrique du Sud
98%
Angleterre
98%
Pays de Galles
98%
Tonga
98%
Argentine
95%
Fidji
90%
Samoa
90%
Canada
88%
Etats-Unis
88%
Chili
63%
Russie
63%
Zimbabwe
51%
Aucun quiz correspondant
Distribution des résultats
% des personnes avec chaque résultat
Percentile par nombre de réponses
Votre historique - résultats
Vous n’avez pas pris ce quiz depuis la dernière actualisation